Sports Quiz

Random Sports or Logo Quiz

NFL Teams by Historical Logo Quiz Stats

 Plays Quiz Updated Jul 23, 2020

Support Sporcle.
Go Orange.
Score 0/32 Timer 03:00
10 Plays Today
# team % Correct
4Bills
96.6%
3Panthers
96.2%
6Falcons
96%
5Bears
96%
14Dolphins
95.4%
10Lions
94.6%
1Bengals
94.4%
9Seahawks
94.2%
12Cardinals
93.6%
13Texans
93.4%
15Jaguars
93.1%
18Vikings
93.1%
20Saints
92.3%
19Colts
90.6%
24Eagles
88.3%
11Packers
87.7%
# team % Correct
26Chargers
87%
8Raiders
86.2%
23Ravens
86%
22Jets
85.6%
25Broncos
83.8%
30Cowboys
83.2%
16Chiefs
82.3%
17Buccaneers
82%
7Browns
81.1%
28Oilers
81%
31Patriots
80.3%
21Steelers
79.1%
32Washington Football Team
79.1%
2Giants
74.6%
29Rams
59.5%
2749ers
51.1%

You're not logged in!

Compare scores with friends on all Sporcle quizzes.
OR
Log In

From the Vault

Video Game Life Bars

by dolebanana

I don't need to 'Get a Life' I'm a gamer, I have lots of lives.
Remove Ads.
Support Sporcle.
Get the best of Sporcle when you Go Orange. This ad-free experience offers more features, more stats, and more fun while also helping to support Sporcle. Thank you for becoming a member.

Show Comments

Extras

Top Quizzes Today


Score Distribution

Your Account Isn't Verified!

In order to create a playlist on Sporcle, you need to verify the email address you used during registration. Go to your Sporcle Settings to finish the process.

Report this User

Report this user for behavior that violates our Community Guidelines.

Details: